[Event "Hessen-ch Seniors op 10th"]
[Site "Bad Sooden-Allendorf"]
[Date "2014.04.27"]
[Round "2"]
[White "Alefs, Willi"]
[Black "Kuhnert, Werner Eberhard"]
[Result "1-0"]
[WhiteElo "1894"]
[BlackElo "1503"]
[PlyCount "55"]
[EventDate "2014.04.26"]
[EventType "swiss"]
[EventRounds "9"]
[EventCountry "GER"]
[SourceTitle "EXT 2018"]
[Source "ChessBase"]
[SourceDate "2017.10.13"]
[SourceVersion "1"]
[SourceVersionDate "2017.10.13"]
[SourceQuality "1"]

1. c4 c5 2. b3 b6 3. Bb2 e6 4. e3 Ne7 5. Ne2 Bb7 6. Nf4 Nf5 7. Nc3 Be7 8. Bd3 Bf6 9. Bxf5 exf5 10. Rg1 g6 11. h3 Rg8 12. Qe2 Na6 13. d4 d6 14. 0-0-0 Kf8 15. Nb5 Kg7 16. dxc5 Bxb2+ 17. Qxb2+ Qf6 18. Qxf6+ Kxf6 19. Rxd6+ Kg7 20. c6 Bc8 21. Rgd1 Be6 22. Nxe6+ fxe6 23. Rxe6 Rac8 24. Rd7+ Kh6 25. Nxa7 Rc7 26. Ree7 Rxd7 27. Rxd7 Rg7 28. Nb5 1-0

[Event "Vellmar op-B 5th"]
[Site "Vellmar"]
[Date "2013.07.25"]
[Round "1"]
[White "Alefs, Willi"]
[Black "Gibhardt, Peter"]
[Result "1/2-1/2"]
[WhiteElo "1894"]
[BlackElo "1421"]
[PlyCount "144"]
[EventDate "2013.07.25"]
[EventType "swiss"]
[EventRounds "7"]
[EventCountry "GER"]
[SourceTitle "EXT 2015"]
[Source "ChessBase"]
[SourceDate "2014.11.20"]
[SourceVersion "1"]
[SourceVersionDate "2014.11.20"]
[SourceQuality "1"]

1. c4 e6 2. Nc3 Nf6 3. d4 c5 4. e3 g6 5. Nf3 Nc6 6. Be2 cxd4 7. exd4 Bg7 8. Bg5 Qb6 9. Na4 Qa5+ 10. Bd2 Qd8 11. 0-0 0-0 12. Bg5 d5 13. c5 Qc7 14. Nc3 b6 15. Nb5 Qd8 16. Ne5 Bd7 17. Rc1 a6 18. Na3 b5 19. Nc2 Qc7 20. Nxd7 Nxd7 21. Qd2 f6 22. Bh4 Rad8 23. Bg4 Rfe8 24. Rfe1 Nf8 25. f4 Bh6 26. Bg3 f5 27. Bf3 Nd7 28. Re2 Nf6 29. Rce1 Ne4 30. Qe3 Nxg3 31. hxg3 Re7 32. Qd3 Rde8 33. Kf2 Bg7 34. a3 Bf6 35. Qd2 Qa5 36. b4 Qc7 37. g4 Qd7 38. g3 Bg7 39. Rh1 Bf6 40. Kf1 fxg4 41. Bxg4 h5 42. Bf3 Rh7 43. Reh2 Qg7 44. Re2 Qd7 45. Qd3 Qf7 46. g4 hxg4 47. Rxh7 Qxh7 48. Bxd5 Nd8 49. Be4 Qh3+ 50. Qxh3 gxh3 51. Bxg6 Rf8 52. Rh2 Bxd4 53. Rxh3 Rxf4+ 54. Ke2 Nc6 55. Be8 Ne5 56. Nxd4 Rxd4 57. Re3 Nc4 58. Rxe6 Nxa3 59. Rxa6 Nc2 60. Bxb5 Nxb4 61. Ra8+ Kf7 62. c6 Nxc6 63. Bxc6 Rd6 64. Be4 Kf6 65. Kf3 Rb6 66. Kf4 Rb2 67. Ra6+ Kg7 68. Kg5 Rb5+ 69. Bf5 Rb7 70. Re6 Ra7 71. Rg6+ Kh8 72. Be6 Rg7 1/2-1/2

[Event "Hessen-chB"]
[Site "Korbach"]
[Date "2013.03.30"]
[Round "6"]
[White "Alefs, Willi"]
[Black "Ackermann, Emil"]
[Result "0-1"]
[WhiteElo "1898"]
[BlackElo "1703"]
[PlyCount "108"]
[EventDate "2013.03.27"]
[EventType "swiss"]
[EventRounds "7"]
[EventCountry "GER"]
[SourceTitle "EXT 2014"]
[Source "ChessBase"]
[SourceDate "2013.11.20"]
[SourceVersion "1"]
[SourceVersionDate "2013.11.20"]
[SourceQuality "1"]

1. c4 Nf6 2. Nc3 g6 3. Nf3 Bg7 4. e3 0-0 5. d4 d6 6. b3 a6 7. Bb2 Nc6 8. a3 Bg4 9. h3 Bd7 10. Bd3 e6 11. 0-0 Re8 12. Qc2 Bc8 13. Rfe1 b6 14. Rad1 Bb7 15. Ne2 Qd7 16. Ng3 Rad8 17. e4 e5 18. d5 Ne7 19. Bc1 Rf8 20. Be3 a5 21. Qd2 Ne8 22. h4 Bc8 23. Nh2 f5 24. exf5 Nxf5 25. Nxf5 gxf5 26. f3 Qf7 27. g3 Nf6 28. Bg5 Rde8 29. Kh1 Nh5 30. Rg1 f4 31. gxf4 Nxf4 32. Bxf4 Qxf4 33. Qg2 Rf7 34. h5 Kh8 35. Rde1 Qh6 36. Qg5 Ref8 37. Rg3 Qxg5 38. Rxg5 Bh6 39. Rg2 Bf4 40. Ng4 Rg7 41. Reg1 Rg5 42. Re2 Rxh5+ 43. Kg2 Rg8 44. Kf1 Rh3 45. Be4 Bxg4 46. Reg2 Be3 47. Rxg4 Bxg1 48. Rxg8+ Kxg8 49. Kxg1 Kg7 50. Kg2 Rh4 51. b4 Kf6 52. c5 Kg5 53. bxa5 bxa5 54. c6 Rxe4 0-1

[Event "Hessen-chB"]
[Site "Korbach"]
[Date "2013.03.30"]
[Round "7"]
[White "Grasmik, Waldemar"]
[Black "Alefs, Willi"]
[Result "0-1"]
[WhiteElo "1599"]
[BlackElo "1898"]
[PlyCount "126"]
[EventDate "2013.03.27"]
[EventType "swiss"]
[EventRounds "7"]
[EventCountry "GER"]
[SourceTitle "EXT 2014"]
[Source "ChessBase"]
[SourceDate "2013.11.20"]
[SourceVersion "1"]
[SourceVersionDate "2013.11.20"]
[SourceQuality "1"]

1. e4 c5 2. d4 cxd4 3. c3 dxc3 4. Nxc3 Nc6 5. a3 e6 6. g3 Bc5 7. Bf4 e5 8. Bd2 Nf6 9. h4 h6 10. f4 Bd4 11. Nge2 0-0 12. fxe5 Bxe5 13. Nf4 d6 14. Bh3 Bxh3 15. Rxh3 Qd7 16. Rh1 Nd4 17. Be3 Nc6 18. Qf3 Qg4 19. Qf2 Bxc3+ 20. bxc3 Nxe4 21. Qg2 Qxg3+ 22. Qxg3 Nxg3 23. Rg1 Nf5 24. Bf2 Rfe8+ 25. Kd2 Ne5 26. Rg2 Nf3+ 27. Kc2 Re4 28. Nh5 Kh8 29. Rh1 Rae8 30. Kb3 a5 31. Ng3 a4+ 32. Kc2 Nxg3 33. Bxg3 d5 34. Rd1 Rd8 35. h5 d4 36. Rd3 Ng5 37. Rgd2 Ne6 38. Bf2 g6 39. hxg6 fxg6 40. Bxd4+ Nxd4+ 41. cxd4 Rd5 42. Kc3 b5 43. Rf2 Kg7 44. Rdf3 Re7 45. Rf6 h5 46. Kd3 Red7 47. R6f4 Kh6 48. Re4 Rf5 49. Rxf5 gxf5 50. Re5 Kg5 51. Rxb5 Kf4 52. Rb1 h4 53. Rf1+ Kg4 54. Rg1+ Kh5 55. Rg8 h3 56. Ke3 Kh4 57. Kf3 Rxd4 58. Rh8+ Kg5 59. Ke3 Rc4 60. Kd3 Rh4 61. Rg8+ Kf4 62. Rg1 h2 63. Rh1 Kg3 0-1

[Event "Hessen-chB"]
[Site "Korbach"]
[Date "2013.03.29"]
[Round "5"]
[White "Naujocks, Christian"]
[Black "Alefs, Willi"]
[Result "0-1"]
[WhiteElo "1639"]
[BlackElo "1898"]
[PlyCount "110"]
[EventDate "2013.03.27"]
[EventType "swiss"]
[EventRounds "7"]
[EventCountry "GER"]
[SourceTitle "EXT 2014"]
[Source "ChessBase"]
[SourceDate "2013.11.20"]
[SourceVersion "1"]
[SourceVersionDate "2013.11.20"]
[SourceQuality "1"]

1. e4 e6 2. d4 d5 3. Nc3 c5 4. Bb5+ Nc6 5. Nf3 dxe4 6. Nxe4 cxd4 7. Nxd4 Nge7 8. 0-0 a6 9. Nxc6 Nxc6 10. Qxd8+ Kxd8 11. Bxc6 bxc6 12. Bg5+ Ke8 13. Rad1 f6 14. Bh4 Rb8 15. b3 Bb7 16. Bg3 Rc8 17. Bd6 c5 18. Bxf8 Bxe4 19. Bd6 c4 20. Rfe1 Bf5 21. h3 Kf7 22. Rd2 e5 23. g4 Be6 24. f4 exf4 25. Bxf4 Rc6 26. Red1 Rhc8 27. Rd6 Ke7 28. Kf2 h6 29. b4 g5 30. Rxc6 Rxc6 31. Be3 f5 32. Bc5+ Kf7 33. Kf3 Kg6 34. a4 fxg4+ 35. hxg4 h5 36. gxh5+ Kxh5 37. Kg3 Bf5 38. Bf8 Kg6 39. Rh1 Kf7 40. Rf1 Rf6 41. Bc5 Bxc2 42. Ra1 Bf5 43. b5 axb5 44. axb5 Kg6 45. b6 Bc8 46. Ra7 Rf7 47. Be7 c3 48. Rc7 Ba6 49. b7 Bxb7 50. Rxb7 c2 51. Rb6+ Kf5 52. Rb5+ Ke4 53. Bxg5 Rg7 54. Rb4+ Kd3 55. Rb3+ Kc4 0-1

[Event "Vellmar op-B 2nd"]
[Site "Vellmar"]
[Date "2010.07.11"]
[Round "7"]
[White "Wiesebach, Wolfgang"]
[Black "Alefs, Willi"]
[Result "0-1"]
[WhiteElo "1854"]
[BlackElo "1920"]
[PlyCount "66"]
[EventDate "2010.07.08"]
[EventType "swiss"]
[EventRounds "7"]
[EventCountry "GER"]
[SourceTitle "EXT 2011"]
[Source "ChessBase"]
[SourceDate "2010.11.26"]
[SourceVersion "1"]
[SourceVersionDate "2010.11.26"]
[SourceQuality "1"]

1. d4 Nf6 2. Bf4 b6 3. e3 Bb7 4. Nf3 Nh5 5. Bg3 Nxg3 6. hxg3 e6 7. Bd3 h6 8. c3 Be7 9. Nbd2 d6 10. Nh4 Bxh4 11. Rxh4 Nd7 12. Qe2 Nf6 13. f4 Qe7 14. 0-0-0 0-0-0 15. Rdh1 c5 16. g4 cxd4 17. exd4 Nd5 18. g5 Qc7 19. Kb1 h5 20. R1h2 g6 21. Be4 Rhe8 22. Qf3 b5 23. a3 Kb8 24. g4 hxg4 25. Rxg4 a5 26. Rgh4 Rc8 27. Rh7 Re7 28. Rf2 b4 29. axb4 axb4 30. c4 Nb6 31. b3 d5 32. cxd5 Qc1+ 33. Ka2 Qa3+ 0-1

[Event "Bayern-ch Seniors 22nd"]
[Site "Bergen"]
[Date "2010.06.20"]
[Round "9"]
[White "Alefs, Willi"]
[Black "Reimann, Guenther"]
[Result "1/2-1/2"]
[WhiteElo "1657"]
[BlackElo "1810"]
[PlyCount "75"]
[EventDate "2010.06.12"]
[EventType "swiss"]
[EventRounds "9"]
[EventCountry "GER"]
[SourceTitle "EXT 2011"]
[Source "ChessBase"]
[SourceDate "2010.11.26"]
[SourceVersion "1"]
[SourceVersionDate "2010.11.26"]
[SourceQuality "1"]

1. Nf3 e6 2. g3 f5 3. Bg2 Nf6 4. b3 Be7 5. Bb2 0-0 6. d3 d6 7. Nbd2 e5 8. e3 Qe8 9. Qe2 a5 10. 0-0 Nc6 11. Kh1 Rb8 12. Ng1 f4 13. exf4 exf4 14. Rae1 Qd7 15. c4 Bd8 16. Ne4 Qf5 17. Nxf6+ Bxf6 18. Be4 Qg5 19. Nf3 Qh5 20. Bd5+ Kh8 21. Bxf6 gxf6 22. Nh4 Qg5 23. Nf3 Qh6 24. Rg1 Bg4 25. Qe4 Bxf3+ 26. Qxf3 Ne5 27. Qe2 c6 28. Bg2 Rg8 29. d4 Ng4 30. h3 Rbe8 31. Qf3 f5 32. Rgf1 fxg3 33. fxg3 Ne3 34. Rg1 Nxg2 35. Qxg2 Re3 36. Kh2 Rd3 37. d5 Rd2 38. Re2 1/2-1/2

[Event "Bayern-ch Seniors 22nd"]
[Site "Bergen"]
[Date "2010.06.19"]
[Round "8"]
[White "Koenigl, Anton"]
[Black "Alefs, Willi"]
[Result "0-1"]
[WhiteElo "1701"]
[BlackElo "1657"]
[PlyCount "130"]
[EventDate "2010.06.12"]
[EventType "swiss"]
[EventRounds "9"]
[EventCountry "GER"]
[SourceTitle "EXT 2011"]
[Source "ChessBase"]
[SourceDate "2010.11.26"]
[SourceVersion "1"]
[SourceVersionDate "2010.11.26"]
[SourceQuality "1"]

1. c4 c5 2. Nc3 g6 3. g3 Bg7 4. Bg2 Nc6 5. Nf3 a6 6. 0-0 e6 7. d3 Nge7 8. Rb1 Rb8 9. Ne4 d6 10. Bf4 e5 11. Bg5 0-0 12. Nf6+ Kh8 13. Nd5 f6 14. Nxe7 Qxe7 15. Be3 Be6 16. Qc1 Qd7 17. Re1 b6 18. Nd2 Nd4 19. b4 Nf5 20. Nf1 Nxe3 21. Qxe3 f5 22. bxc5 dxc5 23. Qc1 f4 24. Qa3 Qc8 25. Nd2 fxg3 26. hxg3 a5 27. Ne4 Qd8 28. Qc1 Qd4 29. Rf1 h6 30. Qe1 Bf5 31. Nc3 h5 32. Nb5 Qd7 33. Kh2 Bf6 34. Rh1 Kg7 35. Nc3 h4 36. gxh4 Bxh4 37. Kg1 g5 38. e4 Be6 39. Rxh4 gxh4 40. Nd5 h3 41. Bf1 Kh8 42. Qe3 Qg7+ 43. Kh2 Rg8 44. Qg3 Qxg3+ 45. fxg3 Rbf8 46. Bxh3 Rf2+ 47. Kg1 Rxg3+ 48. Kxf2 Rxh3 49. Rxb6 Bg4 50. Rb8+ Kg7 51. Ne3 Be6 52. Ra8 Rh2+ 53. Kg3 Rxa2 54. Ra7+ Kf6 55. Ra6 Ra3 56. Nd5+ Kf7 57. Nc7 Bxc4 58. Rc6 Rxd3+ 59. Kf2 a4 60. Rxc5 Rd2+ 61. Kf3 Rd4 62. Rxe5 a3 63. Ra5 a2 64. Nd5 Rd1 65. Nc3 a1Q 0-1

[Event "Vellmar op 1st"]
[Site "Vellmar"]
[Date "2009.08.02"]
[Round "6"]
[White "Alefs, Willi"]
[Black "Kaeding, Wolfgang"]
[Result "1-0"]
[WhiteElo "1681"]
[BlackElo "1613"]
[PlyCount "65"]
[EventDate "2009.07.30"]
[EventType "swiss"]
[EventRounds "7"]
[EventCountry "GER"]
[SourceTitle "EXT 2018"]
[Source "ChessBase"]
[SourceDate "2017.10.13"]
[SourceVersion "1"]
[SourceVersionDate "2017.10.13"]
[SourceQuality "1"]

1. c4 c5 2. g3 g6 3. Bg2 Bg7 4. Nc3 e6 5. d3 Ne7 6. Rb1 Nbc6 7. Nf3 0-0 8. 0-0 Rb8 9. Bf4 d6 10. Qd2 e5 11. Bh6 Nf5 12. Bxg7 Kxg7 13. Ng5 h6 14. Nge4 a6 15. f4 f6 16. Nd5 Be6 17. fxe5 Nxe5 18. Nf4 Qe7 19. Nc3 Qf7 20. Nxe6+ Qxe6 21. Bh3 Qe8 22. Bxf5 gxf5 23. Rxf5 Qg6 24. Rbf1 Rf7 25. Ne4 Qg4 26. Kg2 Nxc4 27. R1f4 Qxf5 28. dxc4 Qe5 29. Rg4+ Kf8 30. Nxd6 Rd8 31. Qxh6+ Ke7 32. Nxf7 Kxf7 33. Qh7+ 1-0

[Event "Vellmar op 1st"]
[Site "Vellmar"]
[Date "2009.07.31"]
[Round "2"]
[White "Alefs, Willi"]
[Black "Shkolnik, Anastasia"]
[Result "0-1"]
[WhiteElo "1681"]
[BlackElo "1491"]
[PlyCount "160"]
[EventDate "2009.07.30"]
[EventType "swiss"]
[EventRounds "7"]
[EventCountry "GER"]
[SourceTitle "EXT 2018"]
[Source "ChessBase"]
[SourceDate "2017.10.13"]
[SourceVersion "1"]
[SourceVersionDate "2017.10.13"]
[SourceQuality "1"]

1. c4 Nf6 2. Nf3 d5 3. e3 Bg4 4. Nc3 e6 5. Qb3 b6 6. Ne5 d4 7. Qb5+ c6 8. Nxc6 a6 9. Qa4 b5 10. cxb5 Nxc6 11. exd4 Nxd4 12. bxa6+ Qd7 13. Nb5 Nc6 14. h3 Bf5 15. a3 Be7 16. Be2 0-0 17. Bf3 Rab8 18. 0-0 Bd3 19. Nc3 Bxf1 20. Bxc6 Qa7 21. Kxf1 Rb6 22. Bb7 Nd5 23. Qe4 Nc7 24. Na4 Rd6 25. d3 Nxa6 26. Be3 Qb8 27. Bf4 Rfd8 28. Bxa6 Qa7 29. Bxd6 Rxd6 30. Bb5 Rd4 31. Qc6 Rf4 32. Qb6 Qa8 33. Bc6 Qc8 34. Nc3 Bh4 35. f3 e5 36. Qb7 Qf8 37. Qa8 Bd8 38. Re1 Qd6 39. Be4 f5 40. Qd5+ Qxd5 41. Bxd5+ Kf8 42. Rxe5 Bf6 43. Re6 Rd4 44. Ke2 Bg5 45. b3 Bc1 46. Nb5 Rxd5 47. a4 Kf7 48. Rc6 Bg5 49. d4 Bf6 50. Kd3 f4 51. Rd6 Rg5 52. Ke4 Rxg2 53. Rb6 g5 54. Nd6+ Kg6 55. Ne8 Re2+ 56. Kd5 Rxe8 57. a5 Rd8+ 58. Kc5 Kf5 59. d5 h5 60. a6 Rc8+ 61. Rc6 Ra8 62. d6 Ke6 63. d7+ Kf5 64. Kc4 Ke5 65. b4 g4 66. hxg4 hxg4 67. fxg4 f3 68. Kd3 Bh4 69. b5 Kf4 70. Rc8 Ra7 71. Rf8+ Kxg4 72. d8Q Bxd8 73. Rxd8 Rf7 74. Rg8+ Kh3 75. Ke3 f2 76. Rh8+ Kg2 77. Rg8+ Kf1 78. Re8 Ke1 79. Kd3+ Kd1 80. a7 f1Q+ 0-1

[Event "Bayern-ch Seniors 21st"]
[Site "Bergen"]
[Date "2009.06.22"]
[Round "3"]
[White "Alefs, Willi"]
[Black "Straub, Peter"]
[Result "0-1"]
[WhiteElo "1681"]
[BlackElo "2019"]
[PlyCount "66"]
[EventDate "2009.06.20"]
[EventType "swiss"]
[EventRounds "9"]
[EventCountry "GER"]
[SourceTitle "EXT 2015"]
[Source "ChessBase"]
[SourceDate "2014.11.20"]
[SourceVersion "1"]
[SourceVersionDate "2014.11.20"]
[SourceQuality "1"]

1. c4 e5 2. Nc3 Nc6 3. e3 Nf6 4. Nge2 d6 5. Ng3 g6 6. a3 Bg7 7. Be2 0-0 8. 0-0 Ne8 9. f4 f5 10. d3 Be6 11. Bf3 Qd7 12. Rb1 Nf6 13. h4 Rab8 14. h5 exf4 15. exf4 Nd4 16. hxg6 hxg6 17. Be3 Nxf3+ 18. Qxf3 b6 19. Rbe1 Ng4 20. Bd2 Bd4+ 21. Be3 Bxc3 22. bxc3 Qh7 23. Rf2 Nxf2 24. Kxf2 Qd7 25. Rb1 c5 26. d4 Bxc4 27. Nh5 Kf7 28. Rd1 Rh8 29. Ng3 Qe6 30. Rd2 Bd5 31. Qe2 Rh2 32. Kf1 Rxg2 33. Bf2 Bc4 0-1

[Event "Bayern-ch Seniors 21st"]
[Site "Bergen"]
[Date "2009.06.21"]
[Round "2"]
[White "Alefs, Willi"]
[Black "Pidtoptanyy, Igor"]
[Result "1-0"]
[WhiteElo "1681"]
[BlackElo "1914"]
[PlyCount "101"]
[EventDate "2009.06.20"]
[EventType "swiss"]
[EventRounds "9"]
[EventCountry "GER"]
[SourceTitle "EXT 2015"]
[Source "ChessBase"]
[SourceDate "2014.11.20"]
[SourceVersion "1"]
[SourceVersionDate "2014.11.20"]
[SourceQuality "1"]

1. c4 e5 2. e3 Nf6 3. Nc3 Nc6 4. b3 d6 5. d3 Bf5 6. Be2 Be7 7. e4 Bd7 8. Nf3 0-0 9. Nd5 Nxd5 10. cxd5 Nb8 11. Bb2 f5 12. Rc1 c5 13. Qd2 a5 14. 0-0 fxe4 15. dxe4 Bg4 16. Qd3 Bd7 17. Rc2 b5 18. Kh1 Na6 19. a3 Nc7 20. Rg1 Qe8 21. Bxe5 dxe5 22. d6 Bc6 23. dxc7 Rf4 24. Rd2 Rxe4 25. Rgd1 Rd4 26. Nxd4 exd4 27. Bf3 Qd7 28. Re1 Bg5 29. Rde2 Qxc7 30. Qf5 d3 31. Bd5+ Kh8 32. Qxd3 Rf8 33. Bxc6 Qxc6 34. Re4 Qb7 35. Qd6 Qf7 36. Qxf8+ Qxf8 37. Re8 Kg8 38. Rxf8+ Kxf8 39. g3 Bf6 40. Re2 c4 41. bxc4 bxc4 42. Rc2 c3 43. Kg2 Ke7 44. Kf3 Kd6 45. Ke4 Kc5 46. Kd3 Kb5 47. Rxc3 Ka4 48. Rc2 Kxa3 49. Kc4 a4 50. f4 Ba1 51. h4 1-0

[Event "Bayern-ch Seniors 21st"]
[Site "Bergen"]
[Date "2009.06.20"]
[Round "1"]
[White "Hein, Manfred"]
[Black "Alefs, Willi"]
[Result "0-1"]
[WhiteElo "1960"]
[BlackElo "1681"]
[PlyCount "104"]
[EventDate "2009.06.20"]
[EventType "swiss"]
[EventRounds "9"]
[EventCountry "GER"]
[SourceTitle "EXT 2015"]
[Source "ChessBase"]
[SourceDate "2014.11.20"]
[SourceVersion "1"]
[SourceVersionDate "2014.11.20"]
[SourceQuality "1"]

1. e4 e6 2. d4 d5 3. Nd2 c5 4. exd5 Qxd5 5. dxc5 Bxc5 6. Qf3 Nf6 7. Bc4 Qxf3 8. Ngxf3 0-0 9. Nb3 Bb6 10. 0-0 Nc6 11. Bg5 Ne4 12. Bf4 Rd8 13. Bd3 Nf6 14. a3 Bd7 15. c4 Rac8 16. Rac1 a6 17. h3 Bc7 18. Bxc7 Rxc7 19. Rfd1 Ne7 20. Ne5 Ba4 21. Rc3 Ne4 22. Rdc1 Nxc3 23. Rxc3 f6 24. Nf3 b6 25. Nc1 e5 26. b3 Bc6 27. Ne1 e4 28. Be2 Bb7 29. g4 Nd5 30. Rc2 Nf4 31. h4 Nxe2+ 32. Nxe2 Kf7 33. Ng3 g6 34. Re2 Re7 35. Re3 Re5 36. Kh2 Rd2 37. Kg1 Ke6 38. Ne2 Kf7 39. Kg2 h6 40. Kg3 g5 41. hxg5 hxg5 42. Nc3 Ke6 43. Kg2 f5 44. gxf5+ Rxf5 45. Nxe4 Rf4 46. Nf3 Bxe4 47. Kf1 Rd3 48. Nxg5+ Kf5 49. Ke2 Rxe3+ 50. fxe3 Rg4 51. Nf3 Rg2+ 52. Kd1 Bxf3+ 0-1

[Event "Hessen-ch Seniors op 05th"]
[Site "Bad Sooden-Allendorf"]
[Date "2009.05.03"]
[Round "9"]
[White "Farin, Friedrich"]
[Black "Alefs, Willi"]
[Result "0-1"]
[WhiteElo "1289"]
[BlackElo "1624"]
[PlyCount "56"]
[EventDate "2009.04.25"]
[EventType "swiss"]
[EventRounds "9"]
[EventCountry "GER"]
[SourceTitle "EXT 2022"]
[Source "ChessBase"]
[SourceDate "2021.10.06"]
[SourceVersion "1"]
[SourceVersionDate "2021.10.06"]
[SourceQuality "1"]

1. d4 d5 2. Nf3 Nf6 3. c4 e6 4. Qc2 Nc6 5. a3 dxc4 6. e4 Nxd4 7. Nxd4 Qxd4 8. Nc3 a6 9. Be3 Qe5 10. Bxc4 Ng4 11. 0-0-0 Nxe3 12. fxe3 b5 13. Bb3 Be7 14. Nd5 Ra7 15. Nxe7 Kxe7 16. Rd2 c5 17. g3 Rc7 18. Rhd1 c4 19. Rd6 Bb7 20. Qd2 cxb3+ 21. Kb1 Bxe4+ 22. Ka1 Bd5 23. Rxa6 Rhc8 24. Qb4+ Ke8 25. Qxb5+ Kf8 26. Qb4+ Kg8 27. Qe1 Rc2 28. Ra5 Qxb2# 0-1